LEADER 01095nas a2200265 i 4500 001 000000258268 003 CaOOAMICUS 005 20180424000000.0 008 180424b2018 gw uu u0 0mul r 013 $a237176 040 $aSeMil$bita 245 10$a2018 /$cherausgeber Manfred Baum, Bernd Dörflinger, Heiner F. Klemme ; unter Mitwirkung von H. E. Allison ... [et al.]. 260 $aBerlin ; Boston :$bDe Gruyter,$ccopyr. 2018. 300 $a23 cm. 500 $aContiene : Contiene : Bibliographie Hariolf Oberer. - Articoli con sintesi in inglese [Abstract] in testa. - VOLUME IN COMPOSIZIONE. 773 0 $tKant-Studien.$dBerlin : De Gruyter $x0022-8877$w()2398 774 0 $t2018 : 1.$w()292374 774 0 $t2018 : 2.$w()292648 774 0 $t2018 : 3.$w()335160 774 0 $t2018 : 4.$w()335162 850 $aSeMil 852 $aSeMil$W1$xVenegono$y1$m17 6 30$j214612$B208614$CSeMilBibl$Z2$F0 $82 961 $aAbbonamento: De Gruyter 996 $6245$a2018$9(OLS)http://semarc/title/412725 996 $6260$aBerlin ; Boston :$bDe Gruyter$9(OLS)http://semarc/publisher/36449 LEADER 01428nam a2200277 i 4500 001 000000110742 003 CaOOAMICUS 005 20021212000000.0 008 021212s1981 it u000 u ita u 013 $a83423 040 $aSeMil$bita 245 10$aMounier trent'anni dopo :$batti del Convegno di studio dell'Università cattolica. Milano, 17-18 ottobre 1980 /$cContributi di Paulette Mounier ... [et al.]. 260 $aMilano :$bPubblicazioni della Università Cattolica del Sacro Cuore,$ccopyr. 1981. 260 $aMilano :$bVita e Pensiero,$ccopyr. 1981. 300 $a189 p. ;$c22 cm. 490 0 $aLe api : collana di scienze umane, scienze religiose, lettere ed arti 500 $aIn preliminari : Fondo Conti. 650 4$aMounier, Emmanuel <1905-1950>.$0(OLS)http://semarc/subject/8502 700 1 $aMounier, Paulette.$0(OLS)http://semarc/name/46420 830 3$aLe api.$0(OLS)http://semarc/title/6938 850 $aSeMil 852 $aSeMil$W1$xVenegono$y1$m3N V 336$j66605$B66605$CSeMilBibl$Z2$F77767 $81 961 $aOmaggio: Conti Franco 996 $6245$aMounier trent'anni dopo :$batti del Convegno di studio dell'Università cattolica. Milano, 17-18 ottobre 1980$9(OLS)http://semarc/title/161015 996 $6260$aMilano :$bVita e Pensiero$9(OLS)http://semarc/publisher/29642 996 $6260$aMilano :$bPubblicazioni della Università Cattolica del Sacro Cuore$9(OLS)http://semarc/publisher/39712